[Event "European Rapid 2017"]
[Site "Katowice POL"]
[Date "2017.12.17"]
[Round "7.38"]
[White "Colls Gelaberto, Emili"]
[Black "Georgiev, Kiril"]
[Result "1/2-1/2"]
[WhiteTitle "CM"]
[BlackTitle "GM"]
[WhiteElo "2093"]
[BlackElo "2623"]
[WhiteFideId "2209950"]
[BlackFideId "2900017"]
[EventDate "2017.12.16"]

1. Nf3 Nf6 2. d4 g6 3. c4 Bg7 4. Nc3 d5 5. cxd5 Nxd5 6. e4 Nxc3 7. bxc3 c5 8.
Be3 Qa5 9. Qd2 Nc6 10. Rc1 cxd4 11. cxd4 Qxd2+ 12. Kxd2 O-O 13. Bb5 f5 14. exf5
Bxf5 15. Bxc6 bxc6 16. Rxc6 Rab8 17. Rhc1 Rb2+ 18. Ke1 Rxa2 19. Rc7 Re8 20. Ne5
a5 21. Ra7 a4 22. Rcc7 Bf6 23. g4 Be6 24. g5 Bxe5 25. dxe5 Rb8 26. Rcb7 Rxb7 27.
Rxb7 a3 28. Rxe7 Rb2 29. Bd4 Rb4 30. Rxe6 Rxd4 31. Ra6 Re4+ 32. Kf1 Rxe5 33.
Rxa3 Rxg5 34. Ra7 Rg4 35. f3 Rg5 36. Kf2 h6 37. h4 Rf5 38. Kg3 Rf6 39. Rb7 Ra6
40. Rc7 Ra1 41. Rb7 Rg1+ 42. Kh2 Re1 43. Kg2 Rd1 44. Ra7 Rd2+ 45. Kg3 Rd5 46.
Rb7 Rh5 47. Ra7 Rf5 48. Rb7 Rf7 49. Rxf7 Kxf7 50. h5 g5 51. f4 Kf6 52. fxg5+
Kxg5 53. Kh3 Kxh5 54. Kg3 Kg5 55. Kh3 h5 56. Kg3 h4+ 57. Kh3 Kh5 58. Kg2 Kg4 59.
Kh2 Kf4 60. Kh3 Kg5 61. Kh2 Kh5 62. Kh3 Kg5 63. Kh2 Kf4 64. Kh3 Kg5 65. Kh2 Kg4
66. Kg2 h3+ 67. Kh2 Kh4 68. Kg1 Kg3 69. Kh1 h2 1/2-1/2

[Event "European Rapid 2017"]
[Site "Katowice POL"]
[Date "2017.12.17"]
[Round "7.39"]
[White "Alekseev, Evgeny"]
[Black "Mitkov, Marjan"]
[Result "1-0"]
[WhiteTitle "GM"]
[BlackTitle "IM"]
[WhiteElo "2616"]
[BlackElo "2333"]
[WhiteFideId "4138147"]
[BlackFideId "15000354"]
[EventDate "2017.12.16"]

1. e4 e5 2. Nf3 Nc6 3. Bb5 Nf6 4. d3 Bc5 5. c3 d6 6. d4 exd4 7. cxd4 Bb4+ 8. Bd2
Bxd2+ 9. Nbxd2 Bd7 10. O-O O-O 11. Re1 Re8 12. h3 Re7 13. Rc1 d5 14. e5 Ne4 15.
Bd3 f5 16. Qb3 Nxd2 17. Nxd2 Nxd4 18. Qxb7 Bb5 19. Bxb5 Rb8 20. Qxa7 Nxb5 21.
Qc5 Rb6 22. Nf3 Na7 23. Nd4 g6 24. a4 c6 25. b3 Reb7 26. a5 Ra6 27. b4 Qe7 28.
Nb3 Nb5 29. Qxe7 Rxe7 30. f4 Na3 31. Rc5 Rb7 32. Nd4 Rxb4 33. e6 Kf8 34. e7+ Ke8
35. Nxc6 Re4 36. Rd1 Rc4 37. Rxc4 Nxc4 38. Nb4 Rxa5 39. Nxd5 Rc5 40. g4 Nd6 41.
g5 Nc8 42. Nf6+ Kxe7 43. Rd7+ Ke6 44. Rxh7 Ne7 45. Rg7 Rc4 46. h4 Rxf4 47. Rxe7+ 1-0

[Event "European Rapid 2017"]
[Site "Katowice POL"]
[Date "2017.12.17"]
[Round "7.40"]
[White "Janik, Igor"]
[Black "Rodshtein, Maxim"]
[Result "0-1"]
[WhiteTitle "FM"]
[BlackTitle "GM"]
[WhiteElo "2413"]
[BlackElo "2699"]
[WhiteFideId "1159259"]
[BlackFideId "2806851"]
[EventDate "2017.12.16"]

1. e4 c6 2. d4 d5 3. Nc3 dxe4 4. Nxe4 Nd7 5. Nf3 Ngf6 6. Nxf6+ Nxf6 7. Bc4 Bf5
8. O-O e6 9. c3 Bd6 10. Re1 Qc7 11. Bg5 Nd5 12. Bh4 O-O 13. Bg3 Bg4 14. Bd3 h6
15. Bxd6 Qxd6 16. h3 Bh5 17. g4 Bg6 18. Bxg6 fxg6 19. Ne5 Rf6 20. Qd3 Raf8 21.
Qg3 g5 22. Re4 Nf4 23. Rae1 Qd5 24. b3 c5 25. R1e3 Rd8 26. Nc4 Qc6 27. a4 cxd4
28. cxd4 b6 29. Qf3 Nd5 30. Qe2 Nxe3 31. Qxe3 Rdf8 32. Ne5 Qc2 33. f3 Rc8 34.
Nc4 Rcf8 35. Ne5 a6 36. Qe2 Qb1+ 37. Kg2 Rc8 38. Nc4 Qxb3 39. Nd2 Qa2 0-1

[Event "European Rapid 2017"]
[Site "Katowice POL"]
[Date "2017.12.17"]
[Round "7.41"]
[White "Miton, Kamil"]
[Black "Lewicki, Miroslaw"]
[Result "1-0"]
[WhiteTitle "GM"]
[BlackTitle "CM"]
[WhiteElo "2584"]
[BlackElo "2404"]
[WhiteFideId "1111914"]
[BlackFideId "1113380"]
[EventDate "2017.12.16"]

1. d4 Nf6 2. c4 e6 3. Nc3 c5 4. e3 cxd4 5. exd4 d5 6. Nf3 Nc6 7. cxd5 exd5 8.
Bd3 Bg4 9. h3 Bh5 10. Be3 Bd6 11. Qb3 O-O 12. Be2 Na5 13. Qa4 a6 14. O-O b5 15.
Qd1 Nc4 16. Bg5 Be7 17. b3 Na3 18. Ne5 Bxe2 19. Nxe2 Rc8 20. Rc1 Qd6 21. Ng3 g6
22. Qf3 Nc2 23. Qf4 Qe6 24. Qd2 Bb4 25. Qd1 Na3 26. Bxf6 Qxf6 27. Nd7 Qd6 28.
Nxf8 Rxf8 29. Qf3 Ba5 30. Rc5 Rd8 31. Rfc1 Bb6 32. Rc6 Qb8 33. Qf6 Ba5 34. Qe7
b4 35. Rxa6 Re8 36. Qc5 Bd8 37. Qxd5 Bh4 38. Qd6 Qb5 39. Qc6 Qb8 40. Ne4 Rd8 41.
Rd1 Qf4 42. g3 Qf5 43. gxh4 Qxh3 44. Nf6+ Kg7 45. Qe4 Nb5 46. Qg2 Qxh4 47. Qg3
Qh6 48. Qe5 Qh3 49. Qxb5 1-0

[Event "European Rapid 2017"]
[Site "Katowice POL"]
[Date "2017.12.17"]
[Round "7.42"]
[White "Neiksans, Arturs"]
[Black "Janaszak, Dawid"]
[Result "1-0"]
[WhiteTitle "GM"]
[BlackTitle "FM"]
[WhiteElo "2590"]
[BlackElo "2372"]
[WhiteFideId "11601388"]
[BlackFideId "1119206"]
[EventDate "2017.12.16"]

1. e4 c5 2. Nf3 Nc6 3. d4 cxd4 4. Nxd4 Nf6 5. Nc3 e5 6. Ndb5 d6 7. Bg5 a6 8. Na3
b5 9. Nd5 Be7 10. Bxf6 Bxf6 11. c4 b4 12. Nc2 Rb8 13. b3 O-O 14. Be2 a5 15. O-O
Bg5 16. Bg4 Be6 17. Nde3 Nd4 18. Bxe6 fxe6 19. Nxd4 exd4 20. Nc2 e5 21. Ne1 Bh6
22. Nd3 Qh4 23. Qe2 Rf7 24. a3 bxa3 25. Rxa3 Qd8 26. Rfa1 Rfb7 27. c5 Kh8 28.
cxd6 Qxd6 29. Rxa5 Rxb3 30. g3 Re8 31. Ra8 Rbb8 32. R8a6 Qc7 33. Kg2 g6 34. Ra7
Rb7 35. Rxb7 Qxb7 36. Ra5 Bg7 37. h4 Qc7 38. Rc5 Qf7 39. Rd5 Kg8 40. Qg4 Qe6 41.
Qd1 Qf7 42. Rb5 Kh8 43. Qb1 Rf8 44. Qd1 Qc4 45. Rc5 Qf7 46. Qe2 Qe7 47. h5 Qd6
48. Rc1 gxh5 49. Qxh5 Qg6 50. Qe2 Qf7 51. Rh1 Kg8 52. Rh5 Re8 53. Qg4 Qe6 54.
Rf5 Kh8 55. Nxe5 Qxe5 56. Rxe5 Bxe5 57. Qd7 Rg8 58. Qd5 Bg7 59. e5 Re8 60. f4 h6
61. Qxd4 Kh7 62. Qe4+ Kh8 63. Kh3 Re6 64. Qd5 Re8 65. Qd7 1-0

[Event "European Rapid 2017"]
[Site "Katowice POL"]
[Date "2017.12.17"]
[Round "7.43"]
[White "Aleksandrov, Aleksej"]
[Black "Bartel, Michal"]
[Result "1-0"]
[WhiteTitle "GM"]
[BlackTitle "FM"]
[WhiteElo "2589"]
[BlackElo "2360"]
[WhiteFideId "13500139"]
[BlackFideId "1119257"]
[EventDate "2017.12.16"]

1. d4 d5 2. c4 e6 3. Nc3 a6 4. cxd5 exd5 5. Nf3 Nf6 6. Bg5 Be6 7. e3 Nbd7 8. Bd3
h6 9. Bh4 g5 10. Bg3 Nh5 11. Qb3 b5 12. Qc2 Bg7 13. a4 Nxg3 14. hxg3 c6 15. Ne2
Rc8 16. b4 Nb6 17. a5 Nc4 18. Nc1 Qe7 19. Qc3 c5 20. bxc5 Rxc5 21. Qb4 Rc7 22.
Qxe7+ Kxe7 23. Nb3 Rhc8 24. Ke2 Nb2 25. Rhc1 Rc3 26. Rxc3 Rxc3 27. Nc1 Bg4 28.
Kd2 Rc7 29. Ne5 Bxe5 30. dxe5 Nc4+ 31. Bxc4 dxc4 32. Na2 Rc5 33. Nb4 c3+ 34. Kd3
Bf5+ 35. e4 Bxe4+ 36. Kxe4 Rc4+ 37. Kd3 Rxb4 38. Kxc3 Re4 39. Rh1 Ra4 40. Rxh6
Rxa5 41. f4 Ra3+ 42. Kd4 Rxg3 43. f5 a5 44. Rb6 b4 45. f6+ Ke8 46. Rb8+ Kd7 47.
Kd5 Rd3+ 48. Ke4 Rd2 49. Rb7+ Ke8 50. g4 Rf2 51. Re7+ Kf8 52. Ra7 Ke8 53. Rxa5
b3 54. Ra8+ Kd7 55. Ra7+ Ke8 56. Re7+ Kd8 57. Rxf7 Rf4+ 58. Kd5 Rb4 59. Rf8+ Kc7
60. Rf7+ Kb6 61. Rh7 b2 62. Rh1 b1=Q 63. Rxb1 Rxb1 64. f7 Rd1+ 65. Kc4 Rf1 66.
e6 Kc7 67. e7 Rxf7 68. e8=Q Rf4+ 69. Kd3 Rxg4 70. Qe7+ Kb8 71. Qd8+ Ka7 72. Qd7+
Ka6 73. Qxg4 1-0

[Event "European Rapid 2017"]
[Site "Katowice POL"]
[Date "2017.12.17"]
[Round "7.44"]
[White "Fedorov, Alexei"]
[Black "Bakalarz, Mietek"]
[Result "1-0"]
[WhiteTitle "GM"]
[BlackTitle "IM"]
[WhiteElo "2573"]
[BlackElo "2266"]
[WhiteFideId "13500465"]
[BlackFideId "4000749"]
[EventDate "2017.12.16"]

1. e4 e5 2. Bc4 Nf6 3. d3 c6 4. Nf3 d5 5. Bb3 Bd6 6. Nc3 dxe4 7. Ng5 O-O 8.
Ncxe4 Nxe4 9. Nxe4 Be7 10. Qh5 Nd7 11. O-O Qc7 12. Bg5 Bxg5 13. Qxg5 Qd8 14.
Qxd8 Rxd8 15. f4 exf4 16. Rxf4 Ne5 17. Ng5 Be6 18. Nxe6 fxe6 19. Re1 Ng6 20.
Rxe6 Rd5 21. Bxd5 cxd5 22. Rf5 Rd8 23. d4 Nf8 24. Re7 g6 25. Rff7 Ne6 26. Rxb7
Nxd4 27. Rg7+ Kf8 28. Rxh7 Kg8 29. Rbg7+ Kf8 30. Rxa7 Kg8 31. Rag7+ Kf8 32. Rxg6 1-0

[Event "European Rapid 2017"]
[Site "Katowice POL"]
[Date "2017.12.17"]
[Round "7.45"]
[White "Tymrakiewicz, Rafal"]
[Black "Dvirnyy, Danyyil"]
[Result "1/2-1/2"]
[WhiteTitle "FM"]
[BlackTitle "GM"]
[WhiteElo "2272"]
[BlackElo "2532"]
[WhiteFideId "1108832"]
[BlackFideId "817570"]
[EventDate "2017.12.16"]

1. d4 Nf6 2. Bf4 g6 3. e3 d5 4. Nf3 Bg7 5. c3 O-O 6. Nbd2 c5 7. Bd3 b6 8. O-O
Bb7 9. Qe2 a6 10. Rfd1 Nc6 11. h3 e6 12. a3 c4 13. Bc2 b5 14. Bg5 Qb6 15. e4
dxe4 16. Nxe4 Nxe4 17. Bxe4 Rfe8 18. Qe3 Ne7 19. Bc2 Nf5 20. Qe2 Bd5 21. Re1 Qc6
22. Bf4 Bxf3 23. gxf3 Ne7 24. h4 Nd5 25. Bg3 h5 26. Qd2 a5 27. Kh2 Bf6 28. Rg1
Kf8 29. Rae1 Ke7 30. Be4 Rad8 31. Re2 Rd7 32. Rge1 Kd8 33. Bxd5 Qxd5 34. Qf4 Ke7
35. Qh6 Rh8 36. Qf4 Qc6 37. Qd2 Rd5 38. Be5 Bxe5+ 39. Rxe5 Rhd8 40. f4 Kf8 41.
f5 exf5 42. Qh6+ Kg8 43. f4 Rxe5 44. fxe5 Re8 45. Rg1 b4 46. axb4 axb4 47. Rg5
Qe6 48. Qxh5 bxc3 49. bxc3 Rb8 50. Rg2 f4 51. Qf3 Qf5 52. e6 Qxe6 53. Qxf4 Rb5
54. Rg5 Rb2+ 55. Rg2 Re2 56. Qb8+ Kh7 57. Rxe2 Qxe2+ 58. Kh3 Qf1+ 59. Kh2 Qf2+
60. Kh3 Qf5+ 61. Kg3 Qd3+ 62. Kg4 Qxc3 63. Qf4 Kg8 64. Qb8+ Kh7 65. Qf4 Kg7 66.
Qe5+ Kg8 67. Qb8+ Kh7 68. Qf4 f5+ 69. Kg5 Qa5 70. Qd6 Qd2+ 71. Kf6 Qh6 72. Qe7+
Kh8 73. Qe8+ Kh7 74. Qf7+ Kh8 75. Qe8+ Kh7 1/2-1/2

[Event "European Rapid 2017"]
[Site "Katowice POL"]
[Date "2017.12.17"]
[Round "7.46"]
[White "Styazhkina, Anna"]
[Black "Tregubov, Pavel V."]
[Result "0-1"]
[WhiteTitle "WIM"]
[BlackTitle "GM"]
[WhiteElo "2283"]
[BlackElo "2575"]
[WhiteFideId "24119300"]
[BlackFideId "4115341"]
[EventDate "2017.12.16"]

1. e4 e6 2. d4 d5 3. Nd2 c5 4. exd5 exd5 5. dxc5 Bxc5 6. Ngf3 Nc6 7. Nb3 Bb6 8.
Bd3 Qe7+ 9. Qe2 Qxe2+ 10. Bxe2 Nf6 11. O-O O-O 12. a4 a6 13. c3 Re8 14. Bd3 Bg4
15. Nfd4 Nxd4 16. Nxd4 Bxd4 17. cxd4 Be2 18. Bxe2 Rxe2 19. b4 Rc8 20. Be3 Rc4
21. Rfc1 h6 22. b5 axb5 23. axb5 Rxc1+ 24. Rxc1 Rb2 25. f3 Rxb5 26. Rc8+ Kh7 27.
Rc7 Kg6 28. g4 Ne8 29. Rd7 Kf6 30. h4 Ke6 31. Rd8 Ke7 32. Rb8 Nc7 33. Kf1 Rb2
34. f4 Ne8 35. f5 Nf6 36. g5 Ng4 37. Bg1 hxg5 38. hxg5 f6 39. Rg8 Kf7 40. Rd8
fxg5 41. Rxd5 Kf6 42. Rd7 Nh6 43. d5 Nxf5 44. Bc5 g4 45. d6 Ke6 46. Rd8 Rd2 47.
Re8+ Kd7 48. Rg8 g3 49. Rf8 Nxd6 50. Bxd6 Rxd6 51. Rf7+ Kc6 52. Rxg7 Rd3 53. Ke2
Rb3 54. Rg6+ Kd5 55. Rg5+ Ke4 56. Rg4+ Kf5 57. Rg8 b5 58. Kd2 Kf4 59. Rf8+ Ke5 0-1

[Event "European Rapid 2017"]
[Site "Katowice POL"]
[Date "2017.12.17"]
[Round "7.47"]
[White "Paszewski, Mateusz"]
[Black "Heberla, Bartlomiej"]
[Result "1/2-1/2"]
[WhiteTitle "FM"]
[BlackTitle "GM"]
[WhiteElo "2307"]
[BlackElo "2555"]
[WhiteFideId "1141058"]
[BlackFideId "1115120"]
[EventDate "2017.12.16"]

1. e4 e6 2. d4 d5 3. Nd2 c5 4. Ngf3 Nc6 5. exd5 exd5 6. Bb5 Qe7+ 7. Be2 Qc7 8.
dxc5 Bxc5 9. O-O Nf6 10. Nb3 Be7 11. c3 O-O 12. Bg5 Rd8 13. Nbd4 Na5 14. Bd3 Nc4
15. Qc2 h6 16. Bh4 Bg4 17. Rfe1 Re8 18. h3 Bxf3 19. Nxf3 Nd6 20. Bg3 Qb6 21. Be5
Nde4 22. Bd4 Bc5 23. Re2 Ng5 24. Nxg5 Rxe2 25. Qxe2 Bxd4 26. Nf3 Re8 27. Qc2 Bc5
28. Re1 Rxe1+ 29. Nxe1 Qe6 30. Qe2 Ne4 31. Bxe4 dxe4 32. b3 f5 33. Nc2 Kh7 34.
Ne3 Qe5 35. Qc4 Kg6 36. Qd5 Qxd5 37. Nxd5 Kf7 38. Kf1 Ke6 39. c4 Ke5 40. Ke2 g5
41. f3 exf3+ 42. Kxf3 Kd4 43. Ke2 f4 44. Nf6 Bf8 45. h4 Bg7 46. Nd5 Be5 47. hxg5
hxg5 48. Kf3 a5 49. Kg4 b5 50. Ne7 Kc5 51. cxb5 Bf6 52. Nf5 Kxb5 53. Nd6+ Kb4
54. Kf5 Be7 55. Nc4 Bd8 56. Ne5 Ka3 57. Nc6 Bc7 58. Kxg5 Kxa2 59. Nxa5 Bxa5 60.
Kxf4 Kxb3 61. Ke4 1/2-1/2

[Event "European Rapid 2017"]
[Site "Katowice POL"]
[Date "2017.12.17"]
[Round "7.48"]
[White "Mastrovasilis, Dimitrios"]
[Black "Gbyl, Andrzej"]
[Result "1-0"]
[WhiteTitle "GM"]
[WhiteElo "2582"]
[BlackElo "2243"]
[WhiteFideId "4202694"]
[BlackFideId "1117440"]
[EventDate "2017.12.16"]

1. e4 e6 2. b3 d5 3. Bb2 Nf6 4. e5 Nfd7 5. Qg4 c5 6. f4 Nc6 7. Nf3 g6 8. Be2 Bg7
9. Na3 a6 10. c3 b6 11. O-O Bb7 12. d4 cxd4 13. cxd4 O-O 14. Nc2 Rc8 15. Bd3 Ne7
16. Qh3 Nb8 17. Ne3 a5 18. Ng4 Nf5 19. Bxf5 exf5 20. Nh6+ Bxh6 21. Qxh6 f6 22.
Ba3 Re8 23. Rae1 Nc6 24. h4 fxe5 25. fxe5 Qd7 26. h5 Qg7 27. Qf4 Nd8 28. h6 Qd7
29. Ng5 Ne6 30. Nxe6 Qxe6 31. g4 Ba6 32. Rf2 Bd3 33. Qg5 Rc7 34. Re3 Bb1 35. Rf1
Be4 36. Rxe4 fxe4 37. Rf6 Qc8 38. e6 e3 39. Qxd5 Qb7 40. e7+ 1-0

[Event "European Rapid 2017"]
[Site "Katowice POL"]
[Date "2017.12.17"]
[Round "7.49"]
[White "Tomczak, Jacek"]
[Black "Gazik, Viktor"]
[Result "1/2-1/2"]
[WhiteTitle "GM"]
[BlackTitle "IM"]
[WhiteElo "2588"]
[BlackElo "2479"]
[WhiteFideId "1124668"]
[BlackFideId "14928752"]
[EventDate "2017.12.16"]

1. e4 c5 2. Nf3 d6 3. d4 cxd4 4. Nxd4 Nf6 5. Nc3 g6 6. Be3 Bg7 7. f3 a6 8. Qd2
b5 9. a4 bxa4 10. Bc4 O-O 11. O-O Bb7 12. Nxa4 Nbd7 13. Nb3 Ne5 14. Be2 Rc8 15.
Na5 Bxe4 16. Bb6 Rxc2 17. Qxc2 Bxc2 18. Bxd8 Rxd8 19. f4 Ned7 20. Nc6 Re8 21.
Bxa6 Ne4 22. Bb5 Kf8 23. Rfc1 Bxa4 24. Rxa4 Ndc5 25. Ra2 Nb3 26. Rc4 Nbd2 27.
Rc2 Rc8 28. Ne5 Rd8 29. Nc6 Rc8 30. b4 Nb3 31. Ba6 Re8 32. Bd3 f5 33. b5 Nd4 34.
Rc4 Nxb5 35. Rxe4 Nc3 36. Rea4 Nxa2 37. Rxa2 Rc8 38. Ra6 Bf6 39. Kf2 h5 40. Bc4
Rc7 41. Rb6 Kg7 42. Be6 Ba1 43. Ke2 Kf6 44. Bb3 g5 45. Nb4 Ra7 46. Nd5+ Kg6 47.
fxg5 Kxg5 48. Rb8 e6 49. Rg8+ Bg7 50. h4+ Kxh4 51. Nf4 e5 52. Ne6 Bh6 53. Rg6
Ra3 54. Bd5 Ra5 55. Bb3 Ra3 56. Bc2 Ra2 57. Kd3 e4+ 58. Kc3 Be3 59. Ng7 Ra5 60.
Ba4 Rc5+ 61. Kb3 Bd4 62. g3+ Kh3 63. Nxh5 Be5 64. Bd7 e3 65. Nf4+ Bxf4 66. gxf4
Kh2 67. Re6 Kg3 68. Rxe3+ Kxf4 69. Re1 Kg5 70. Kb4 Rc7 71. Rg1+ Kf6 72. Bb5 d5
73. Bd3 f4 74. Re1 Rc8 75. Kb3 d4 76. Bc4 Kg5 77. Rd1 f3 78. Rxd4 f2 79. Rd1 Kf4
80. Bf1 Re8 81. Rd7 Re1 82. Ba6 Kg3 83. Rf7 Re3+ 84. Kc2 Rf3 85. Rg7+ Kh2 86.
Bf1 Rg3 87. Rf7 Kg1 88. Be2 Rg8 89. Ba6 Rg2 90. Kd1 Rg6 91. Bc4 Rg8 92. Bb5 Rg5
93. Ba6 Rg6 94. Be2 Rg8 95. Kd2 Rd8+ 96. Kc3 Rg8 97. Kd4 Rd8+ 98. Kc5 Rg8 99.
Ba6 Rg5+ 100. Kd4 Rg8 101. Bb5 Rd8+ 102. Ke3 Re8+ 103. Kd4 Rd8+ 104. Ke5 Re8+
105. Kd6 Rg8 106. Ke7 Rg5 107. Ba6 Ra5 108. Bc4 Ra7+ 1/2-1/2

[Event "European Rapid 2017"]
[Site "Katowice POL"]
[Date "2017.12.17"]
[Round "7.50"]
[White "Nasibullin, Iskander"]
[Black "Stocek, Jiri"]
[Result "0-1"]
[BlackTitle "GM"]
[WhiteElo "2088"]
[BlackElo "2566"]
[WhiteFideId "34124273"]
[BlackFideId "304760"]
[EventDate "2017.12.16"]

1. e4 g6 2. d4 Bg7 3. Nc3 d6 4. Be3 a6 5. a4 Nf6 6. f3 O-O 7. Qd2 Nc6 8. Nge2 e5
9. Rd1 Bd7 10. g3 Re8 11. Bg2 exd4 12. Nxd4 d5 13. O-O dxe4 14. Nxe4 Nxe4 15.
fxe4 Ne5 16. Bg5 Qc8 17. b3 Bg4 18. Rde1 Qd7 19. Nf3 Qxd2 20. Nxd2 h6 21. Be3
Rad8 22. h3 Be6 23. Kh2 Nc6 24. Nf3 Nb4 25. Re2 Na2 26. Rd2 Rxd2 27. Bxd2 Nc3
28. Re1 c5 29. e5 Nd5 30. c4 Ne7 31. Ba5 Nc8 32. Rd1 Bf5 33. Rd8 Rxd8 34. Bxd8
Be4 35. Bc7 Kf8 36. Kg1 Ke7 37. Kf2 Kd7 38. Bb8 b6 39. Ke3 Bc2 40. Nd2 Ne7 41.
Be4 Nf5+ 42. Bxf5+ Bxf5 43. g4 Bc2 44. Bd6 f6 45. exf6 Bxf6 46. Bf8 Bg5+ 47. Ke2
a5 48. h4 Bf4 49. h5 gxh5 50. gxh5 Ke6 51. Bg7 Kf5 52. Bc3 Kg5 53. Nf3+ Kxh5 54.
Bd2 Bxd2 55. Nxd2 Kg4 56. Ke3 h5 57. Nf3 Kg3 58. Ng5 h4 59. Kd2 Bxb3 60. Kc3
Bxa4 61. Ne4+ Kg2 0-1

[Event "European Rapid 2017"]
[Site "Katowice POL"]
[Date "2017.12.17"]
[Round "7.51"]
[White "Fudalej, Michal"]
[Black "Michalik, Peter"]
[Result "0-1"]
[WhiteTitle "FM"]
[BlackTitle "GM"]
[WhiteElo "2209"]
[BlackElo "2557"]
[WhiteFideId "1118781"]
[BlackFideId "14907526"]
[EventDate "2017.12.16"]

1. Nf3 Nf6 2. c4 g6 3. Nc3 d5 4. cxd5 Nxd5 5. d4 Bg7 6. g3 c5 7. Qb3 Nxc3 8.
bxc3 cxd4 9. cxd4 Nc6 10. Bb2 Be6 11. Qa4 Qb6 12. Bc3 Bd7 13. Qd1 Rc8 14. Rb1
Qa6 15. Qd2 O-O 16. e3 Qa3 17. Rxb7 Bg4 18. Rb3 Qd6 19. Bg2 Qd5 20. Qe2 e5 21.
h3 exd4 22. Bb2 Qa5+ 23. Qd2 dxe3 24. Qxa5 Nxa5 25. Bxg7 Bxf3 26. Bxf3 exf2+ 27.
Kxf2 Rc2+ 28. Kf1 Kxg7 29. Ra3 Nc4 30. Rb3 Nd2+ 0-1

[Event "European Rapid 2017"]
[Site "Katowice POL"]
[Date "2017.12.17"]
[Round "7.52"]
[White "Ladva, Ottomar"]
[Black "Kowalczyk, Rafal"]
[Result "1-0"]
[WhiteTitle "GM"]
[WhiteElo "2522"]
[BlackElo "2223"]
[WhiteFideId "4500024"]
[BlackFideId "1133853"]
[EventDate "2017.12.16"]

1. g3 Nf6 2. Bg2 d5 3. Nf3 e6 4. O-O Be7 5. d4 O-O 6. c4 dxc4 7. Ne5 Nc6 8. Nxc6
bxc6 9. Na3 Bxa3 10. bxa3 Rb8 11. Qa4 Nd5 12. Qxc4 Rb6 13. Qc2 Ba6 14. Rd1 Qd6
15. e4 Ne7 16. a4 Qb4 17. Bd2 Qc4 18. Qxc4 Bxc4 19. Rdc1 Bd3 20. Ba5 Rb7 21. Rc3
Ba6 22. a3 Rd8 23. Bb4 Nc8 24. Rxc6 Bd3 25. Rd1 Be2 26. Rd2 Bh5 27. a5 e5 28. a6
Rb6 29. Rxc7 f6 30. Bh3 Nd6 31. dxe5 Nf7 32. Rxd8+ Nxd8 33. Rc8 1-0

[Event "European Rapid 2017"]
[Site "Katowice POL"]
[Date "2017.12.17"]
[Round "7.53"]
[White "Arnaudov, G. Petar"]
[Black "Sgircea, Silvia-Raluca"]
[Result "1/2-1/2"]
[WhiteTitle "GM"]
[BlackTitle "WIM"]
[WhiteElo "2439"]
[BlackElo "2193"]
[WhiteFideId "2907127"]
[BlackFideId "1213776"]
[EventDate "2017.12.16"]

1. d4 d5 2. Nf3 Nf6 3. e3 g6 4. c4 Bg7 5. cxd5 Nxd5 6. e4 Nb6 7. Be3 O-O 8. Nc3
Bg4 9. Be2 Nc6 10. d5 Na5 11. Bd4 Bxd4 12. Qxd4 Bxf3 13. Bxf3 c6 14. O-O cxd5
15. exd5 Nac4 16. a4 Nd6 17. a5 Nd7 18. Rfe1 Re8 19. g3 Rc8 20. Qxa7 Ra8 21. Qd4
Rxa5 22. h4 Rxa1 23. Rxa1 Qb6 24. Qxb6 Nxb6 25. h5 Kg7 26. Kg2 Nbc4 27. Ra2 Rc8
28. hxg6 hxg6 29. Nd1 Ne5 30. Ne3 Nxf3 31. Kxf3 Rc5 32. Ke2 1/2-1/2

[Event "European Rapid 2017"]
[Site "Katowice POL"]
[Date "2017.12.17"]
[Round "7.54"]
[White "Berzina, Ilze"]
[Black "Rausis, Igors"]
[Result "1/2-1/2"]
[WhiteTitle "WGM"]
[BlackTitle "GM"]
[WhiteElo "2211"]
[BlackElo "2632"]
[WhiteFideId "11601345"]
[BlackFideId "11600098"]
[EventDate "2017.12.16"]

1. e4 c5 2. Nf3 g6 3. d4 cxd4 4. Nxd4 Nf6 5. f3 d5 6. e5 Nfd7 7. f4 Nc6 8. Be3
Bg7 9. Nc3 O-O 10. g3 Nb6 11. Bg2 Nc4 12. Bf2 Nxb2 13. Qf3 Nc4 14. Qxd5 Nxd4 15.
Bxd4 Be6 16. Qxd8 Rfxd8 17. O-O-O Rd7 18. Bf2 Na5 19. Rxd7 Bxd7 20. Rd1 Bg4 21.
Rd5 Nc6 22. Rb5 Rc8 23. Rxb7 Nxe5 24. fxe5 Rxc3 25. Rb8+ Bf8 26. Kb2 Rc7 27. Be3
Bc8 28. Ra8 Bg7 29. Bd4 h5 30. Bh3 e6 31. Bf1 Kh7 32. Rxa7 Rxa7 33. Bxa7 Bxe5+
34. c3 h4 35. Bf2 Kh6 36. a4 f5 37. a5 hxg3 38. hxg3 Kg5 39. a6 Kg4 40. a7 Bb7
41. Bc4 Kf3 42. Be1 Bc7 43. Bxe6 Bb6 44. Bd2 Bxa7 45. Bf7 Kxg3 46. Bxg6 f4 47.
Bxf4+ Kxf4 48. Bh7 Ke3 49. Bg6 Kd2 50. Kb3 Bc5 51. Bf7 Ba6 52. Bg8 Bb5 53. Bc4
Bc6 54. Bf7 Be7 55. Kc4 Bd7 56. Bg8 Bf6 57. Bd5 Bf5 58. Kc5 Kxc3 59. Kc6 Kd4 60.
Bh1 Bc2 61. Kb7 Kc5 62. Ka8 1/2-1/2

[Event "European Rapid 2017"]
[Site "Katowice POL"]
[Date "2017.12.17"]
[Round "7.55"]
[White "Bang, Andreas"]
[Black "Shkapenko, Pavel"]
[Result "0-1"]
[WhiteTitle "FM"]
[BlackTitle "IM"]
[WhiteElo "2287"]
[BlackElo "2431"]
[WhiteFideId "1400290"]
[BlackFideId "4151933"]
[EventDate "2017.12.16"]

1. Nf3 Nf6 2. c4 e6 3. Nc3 Bb4 4. g3 b6 5. Bg2 Bb7 6. d3 O-O 7. e4 d5 8. e5 Nfd7
9. cxd5 exd5 10. O-O Be7 11. d4 c5 12. dxc5 Nxc5 13. Nd4 Nc6 14. Nxc6 Bxc6 15.
Bxd5 Qc7 16. Qf3 Bxd5 17. Nxd5 Qd8 18. Be3 Nd7 19. Bd4 Bc5 20. Bxc5 Nxc5 21.
Rad1 Qg5 22. Rfe1 Rae8 23. Qc3 Kh8 24. f4 Qg4 25. Kg2 Rd8 26. Qf3 Qf5 27. b4 Na4
28. Rd2 Qc8 29. Red1 Rfe8 30. a3 Qc4 31. Rd4 Qc8 32. R1d2 b5 33. Qd3 Qb7 34. Kg1
Rc8 35. Ne3 Rc1+ 36. Rd1 Nb2 37. Rd8 Qe7 38. Rxe8+ Qxe8 39. Qd2 Rxd1+ 40. Nxd1
Nc4 0-1

[Event "European Rapid 2017"]
[Site "Katowice POL"]
[Date "2017.12.17"]
[Round "7.56"]
[White "Karas, Marek"]
[Black "Kovalev, Denis"]
[Result "1/2-1/2"]
[WhiteTitle "FM"]
[BlackTitle "IM"]
[WhiteElo "2240"]
[BlackElo "2504"]
[WhiteFideId "14928558"]
[BlackFideId "14104059"]
[EventDate "2017.12.16"]

1. d4 Nf6 2. Nf3 g6 3. Bf4 Bg7 4. e3 d6 5. h3 O-O 6. Be2 c5 7. c3 Be6 8. dxc5
dxc5 9. Qxd8 Rxd8 10. Nbd2 Nc6 11. Ng5 Bd7 12. Nge4 Nxe4 13. Nxe4 b6 14. O-O-O
Ne5 15. Bxe5 Bxe5 16. Rd5 Bc7 17. Rhd1 Be6 18. Rxd8+ Rxd8 19. Rxd8+ Bxd8 20. Nd2
Kg7 21. Bc4 Bd7 22. Kc2 f5 23. f4 Bc6 24. Nf3 Kf6 25. Kd2 Bc7 26. Ke2 h6 27. h4
b5 28. Bd3 a5 29. a3 a4 30. g3 Bd6 31. Nd2 e5 32. Kf2 Be8 33. Be2 Bd7 34. Bf3 g5
35. hxg5+ hxg5 36. fxg5+ Kxg5 37. Bd5 e4 38. Bxe4 b4 39. Bd3 bxa3 40. bxa3 Bc6
41. e4 f4 42. gxf4+ Kxf4 43. Nc4 Bc7 44. Nb2 Be5 45. Bc2 Bxc3 46. Nd3+ Kg5 47.
Kf3 Bd4 48. Nf4 Kf6 49. Nd5+ Ke5 50. Nb6 Bc3 51. Nxa4 Bxa4 52. Bxa4 Bb2 53. Bb3 1/2-1/2